Picosecond-controlled switching of high-voltage gas discharge; Technical Physics Letters; Vol. 34, № 10

Opis bibliograficzny
Parent link:Technical Physics Letters
Vol. 34, № 10.— 2008.— P. 818-821
Kolejni autorzy: Mesyats G. A. Gennady Andreyevich, Sharypov K. A., Shpak V. G., Shunailov S. A., Yalandin M. I.
Streszczenie:В фонде НТБ ТПУ отсутствует
Język:angielski
Wydane: 2008
Hasła przedmiotowe:
Format: Rozdział
KOHA link:https://koha.lib.tpu.ru/cgi-bin/koha/opac-detail.pl?biblionumber=596906

MARC

LEADER 00000naa0a2200000 4500
001 596906
005 20250127092845.0
035 |a (RuTPU)RU\TPU\tpu\19965 
090 |a 596906 
100 |a 20110908d2008 k||y0rusy50 ba 
101 0 |a eng 
102 |a RU 
200 1 |a Picosecond-controlled switching of high-voltage gas discharge  |f G. A. Mesyats [et al.] 
320 |a References: p. 821 (7 tit.) 
333 |a В фонде НТБ ТПУ отсутствует 
461 |t Technical Physics Letters 
463 |t Vol. 34, № 10  |v P. 818-821  |d 2008 
610 1 |a труды учёных ТПУ 
701 1 |a Mesyats  |b G. A.  |c russian physicist  |c academican, vice-president of RAS  |c graduate of Tomsk Polytechnic Institute  |f 1936-  |g Gennady Andreyevich  |3 (RuTPU)RU\TPU\pers\28088  |4 070 
701 1 |a Sharypov  |b K. A. 
701 1 |a Shpak  |b V. G. 
701 1 |a Shunailov  |b S. A. 
701 1 |a Yalandin  |b M. I. 
801 1 |a RU  |b 63413507  |c 20110908 
942 |c CR